1611 1085 1702 1422 1574 1203 1821 1450 1545 1177 1481 1991 1404 1549 1627 1741 1189 1914 1551 1897 1843 1299 1896 1660 1658 1369 1819 1707 1260 1078 1743 1123 1647 1824 1374 1322 1820 1881 1372 1155 1378 1169 1883 1419 1131 1029 1318 1808 1191 1161 1350 1782 1105 1885 1204 1507 1564 1779 1553 1590 1697 1559 1773 1980 1998 1529 1624 1518 1975 1206 1442 1760 1390 1452 1738 1627 1661 1449 1553 1397 1569 1899 1237 1923 1819 1389 1842 1267 1689 1174 1762 1861 1988 1857 1738 1091 1179 1499 1405 BCNSPRNW ULIB Ver.6.0+V

เปลี่ยนเป็นภาษาไทย

Change to English
 แสดงรายละเอียดบรรณานุกรม
  กลับหน้าหลัก

Brief Record : Get Marc (ISO 2709) : E-mail record : QR code < ปิดหน้าต่าง
LEADER : 00000nam 2200000uu 4500
001    13399122194
003     ULIB
008    130109s2555||||th 000 0 tha d
020    ^a9786167351957
060  4 ^aWS113^bป152ค
100 0  ^aปทัตตา ภริตาธรรม,ผู้เรียบเรียง
245 00 ^aคู่มืออ่านใจลูก วัยแรกเกิด ถึง 9 ขวบ=How to read your child s mind/^cปทัตตา ภริตาธรรม,ผู้เรียบเรียง
246 0  ^aHow to read your child s mind
260    ^aกรุงเทพฯ:^bแพรธรรม,^c2555
300    ^a191 หน้าซ:^bภาพประกอบ
650  0 ^aการเลี้ยงเด็ก
945    ^p150^l0^i19654
945    ^p150^l0^i19662
945    ^p150^l0^i19663
995    ^aกัณชพร
999    ^aใช้งานได้ทุกระบบ
รายการนี้ยังไม่มีแท็ก
คุณยังไม่ได้ล็อกอิน คุณสามารถมีกิจกรรมร่วมกับเว็บไซต์ได้ แต่ต้องล็อกอินก่อน ::
  ล็อกอิน

รายการสื่อสารสนเทศ

ลำดับที่ ประเภท เลขเรียก/บาร์โค้ด สถานที่ สถานะ
1. วิทยาศาสตร์การแพทย์ และสุขภาพ
วิทยาศาสตร์การแพทย์ และสุขภาพ
สถานะ=หนังสือเก่า
WS113 ป152ค  
  Barcode: 19654
ห้องสมุดวิทยาเขตนครสวรรค์
►ส่วนจัดเก็บหนังสือเก่า นว.
บนชั้น
  ขอยืม
2. วิทยาศาสตร์การแพทย์ และสุขภาพ
วิทยาศาสตร์การแพทย์ และสุขภาพ
สถานะ=หนังสือเก่า
WS113 ป152ค ฉ.2 
  Barcode: 19662
ห้องสมุดวิทยาเขตนครสวรรค์
►ส่วนจัดเก็บหนังสือเก่า นว.
บนชั้น
  ขอยืม
3. วิทยาศาสตร์การแพทย์ และสุขภาพ
วิทยาศาสตร์การแพทย์ และสุขภาพ
สถานะ=หนังสือเก่า
WS113 ป152ค ฉ.3 
  Barcode: 19663
ห้องสมุดวิทยาเขตนครสวรรค์
►ส่วนจัดเก็บหนังสือเก่า นว.
บนชั้น
  ขอยืม

รายการใกล้เคียง
    หัวเรื่อง [การเลี้ยงเด็ก]

BibComment


ยังไม่เคยถูกคอมเมนท์

คอมเมนท์ทรัพยากรรายการนี้
  คอมเมนท์: คู่มืออ่านใจลูก ..


 Copyright 2026. Bcnsprnw @Library